[Event "ipca2019"]
[Site "?"]
[Date "2019.07.02"]
[Round "5.2"]
[White "Valenta, Vit"]
[Black "Gurbanov, Andrei"]
[Result "1/2-1/2"]
[BlackElo "2300"]
[WhiteElo "2147"]
[LiveChessVersion "1.4.8"]

1. e4 {[%clk 1:30:57]} e5 {[%clk 1:30:08]} 2. Nc3 {[%clk 1:31:17]} Nc6
{[%clk 1:29:37]} 3. Bc4 {[%clk 1:30:51]} Nf6 {[%clk 1:29:53]} 4. d3
{[%clk 1:30:40]} Bc5 {[%clk 1:30:13]} 5. Nf3 {[%clk 1:30:54]} d6 {[%clk 1:30:37]}
6. Na4 {[%clk 1:28:56]} Bg4 {[%clk 1:27:21]} 7. Nxc5 {[%clk 1:24:26]} dxc5
{[%clk 1:23:27]} 8. Bb5 {[%clk 1:24:28]} Qd6 {[%clk 1:20:42]} 9. h3
{[%clk 1:23:23]} Bxf3 {[%clk 1:20:50]} 10. Qxf3 {[%clk 1:23:46]} O-O
{[%clk 1:18:56]} 11. Bxc6 {[%clk 1:22:37]} Qxc6 {[%clk 1:19:21]} 12. O-O
{[%clk 1:20:45]} c4 {[%clk 1:16:01]} 13. Bg5 {[%clk 1:20:01]} Nd7
{[%clk 1:13:56]} 14. dxc4 {[%clk 1:12:25]} f6 {[%clk 1:02:59]} 15. Bd2
{[%clk 1:11:38]} Qxc4 {[%clk 1:02:21]} 16. Qb3 {[%clk 1:11:25]} Qxb3
{[%clk 1:01:59]} 17. axb3 {[%clk 1:11:43]} Rfd8 {[%clk 1:01:48]} 18. Be3
{[%clk 1:10:26]} a6 {[%clk 1:02:01]} 19. Rfd1 {[%clk 1:07:42]} Nf8
{[%clk 1:02:10]} 20. Kf1 {[%clk 1:07:16]} Ne6 {[%clk 1:00:50]} 21. Ke2
{[%clk 1:04:48]} Kf7 {[%clk 0:51:22]} 22. h4 {[%clk 1:01:03]} h5 {[%clk 0:47:15]}
23. g3 {[%clk 0:59:25]} Rxd1 {[%clk 0:42:47]} 24. Rxd1 {[%clk 0:59:45]} Rd8
{[%clk 0:42:59]} 25. Rxd8 {[%clk 0:58:25]} Nxd8 {[%clk 0:43:25]} 26. f4
{[%clk 0:58:44]} exf4 {[%clk 0:42:31]} 27. gxf4 {[%clk 0:58:17]} f5
{[%clk 0:41:04]} 28. e5 {[%clk 0:55:00]} Ne6 {[%clk 0:37:17]} 29. b4
{[%clk 0:50:20]} Nf8 {[%clk 0:37:36]} 30. Bf2 {[%clk 0:50:18]} Ng6
{[%clk 0:37:53]} 31. Ke3 {[%clk 0:49:37]} Ke6 {[%clk 0:37:14]} 32. c4
{[%clk 0:49:39]} Kd7 {[%clk 0:33:56]} 33. Bg3 {[%clk 0:48:52]} Nf8
{[%clk 0:34:01]} 34. Kf3 {[%clk 0:41:35]} b5 {[%clk 0:32:26]} 35. b3
{[%clk 0:41:46]} bxc4 {[%clk 0:25:20]} 36. bxc4 {[%clk 0:42:03]} c5
{[%clk 0:25:22]} 1/2-1/2